16 Villes d'Europe en G et en image - Statistiques

Statistiques générales
  • Ce quiz a été pris 76 fois
  • Le résultat moyen est 8 sur 16
Statistiques - réponses
Par images Hint Réponse % Correct
Suisse Genève
93%
Italie Gênes
88%
Belgique Gand
69%
Pologne Gdansk
69%
Suède Göteborg
69%
Espagne Grenade
69%
Autriche Graz
61%
Royaume-Uni Glasgow
55%
France Guingamp
46%
France Gap
42%
Pays-Bas Groningue
36%
Portugal Guimarães
24%
Allemagne Gelsenkirchen
19%
Hongrie Győr
15%
Russie Grozny
13%
Norvège Gjovik
0%
Aucun quiz correspondant
Distribution des résultats
% des personnes avec chaque résultat
Percentile par nombre de réponses
Votre historique - résultats
Vous n’avez pas pris ce quiz